|
|
|
|
| LEADER |
02881nam a22004455i 4500 |
| 001 |
978-1-4471-4201-0 |
| 003 |
DE-He213 |
| 005 |
20151204163708.0 |
| 007 |
cr nn 008mamaa |
| 008 |
120710s2012 xxk| s |||| 0|eng d |
| 020 |
|
|
|a 9781447142010
|9 978-1-4471-4201-0
|
| 024 |
7 |
|
|a 10.1007/978-1-4471-4201-0
|2 doi
|
| 040 |
|
|
|d GrThAP
|
| 050 |
|
4 |
|a TK5105.5-5105.9
|
| 072 |
|
7 |
|a UKN
|2 bicssc
|
| 072 |
|
7 |
|a COM075000
|2 bisacsh
|
| 082 |
0 |
4 |
|a 004.6
|2 23
|
| 100 |
1 |
|
|a Marquezan, Clarissa Cassales.
|e author.
|
| 245 |
1 |
0 |
|a Self-* and P2P for Network Management
|h [electronic resource] :
|b Design Principles and Case Studies /
|c by Clarissa Cassales Marquezan, Lisandro Zambenedetti Granville.
|
| 264 |
|
1 |
|a London :
|b Springer London :
|b Imprint: Springer,
|c 2012.
|
| 300 |
|
|
|a XIII, 105 p. 22 illus.
|b online resource.
|
| 336 |
|
|
|a text
|b txt
|2 rdacontent
|
| 337 |
|
|
|a computer
|b c
|2 rdamedia
|
| 338 |
|
|
|a online resource
|b cr
|2 rdacarrier
|
| 347 |
|
|
|a text file
|b PDF
|2 rda
|
| 490 |
1 |
|
|a SpringerBriefs in Computer Science,
|x 2191-5768
|
| 505 |
0 |
|
|a Foreword -- Preface -- Introduction -- State of the Art -- Principles of the Self-* P2P Design -- Case Study I: Reliability of Monitoring Platforms -- Case Study II: Resource Management of Network Virtualization -- Results Discussion -- Conclusions.
|
| 520 |
|
|
|a The network management community has been pushed towards the design of alternative management approaches able to support heterogeneity, scalability, reliability, and minor human intervention. The employment of self-* properties and Peer-To-Peer (P2P) are seen as promising alternatives, able to provide the sophisticated solutions required. Despite being developed in parallel, and with minor direct connections perceived between them, self-* properties and P2P can be used concurrently. In Self-* and P2P for Network Management: Design Principles and Case Studies, the authors explore the issues behind the joint use of self-* properties and P2P, and present: a survey relating autonomic computing and self-* properties, P2P, and network and service management; the design of solutions that explore parallel and cooperative behavior of management peers; the change in angle of network management solution development from APIs, protocols, architectures, and frameworks to the design of management algorithms.
|
| 650 |
|
0 |
|a Computer science.
|
| 650 |
|
0 |
|a Computer communication systems.
|
| 650 |
1 |
4 |
|a Computer Science.
|
| 650 |
2 |
4 |
|a Computer Communication Networks.
|
| 700 |
1 |
|
|a Granville, Lisandro Zambenedetti.
|e author.
|
| 710 |
2 |
|
|a SpringerLink (Online service)
|
| 773 |
0 |
|
|t Springer eBooks
|
| 776 |
0 |
8 |
|i Printed edition:
|z 9781447142003
|
| 830 |
|
0 |
|a SpringerBriefs in Computer Science,
|x 2191-5768
|
| 856 |
4 |
0 |
|u http://dx.doi.org/10.1007/978-1-4471-4201-0
|z Full Text via HEAL-Link
|
| 912 |
|
|
|a ZDB-2-SCS
|
| 950 |
|
|
|a Computer Science (Springer-11645)
|